01776nam a2200301 i 4500001001000000003000900010005001700019007000300036008004100039020001800080040003000098082001900128100004900147245006600196264004600262300002800308336002700336337003300363338002800396505035800424590002600782942001400808952013400822952012200956952012801078952025101206999001701457000048635DO-SdBNP20250131083000.0ta190404s2011 000 spa d a9789945454352 aDO-SdBNPbspacBNPHUerda 4axxxbC355B2221 aCastro Ventura, Santiago,91837eautor4aut.10aBetances en la historia dominicana /cSantiago Castro Ventura 1aSanto Domingo :bEditora Manatí,c2011. a262 páginas ;c23 cm. atextobtxt2rdacontent asin mediaciónbn2rdamedia avolumenbnc2rdacarrier0 aClima político en las antillas siglo XIX --tEn el ambiente puertorriqueño -- tGénesis de la solidaridad con dominicana --tInsurrecto contra el colonialismo -- tDesterrado en dominicana -- tCombatiendo el anexionismo baecista -- tLa abortada invasión -- tSolidaridad con los azules --tFrente al tirano Heureaux -- tPrócer dominicano. aInventariado, 2019/VM 2ddccLBS1 00102ddc56708DSaBNPHUbBNPHUcCTd2019-04-04l0oBNPHU DS p48635-30r2020-06-25te. 3w2020-06-25yLBS1ZPréstamo en sala 00102ddc51708PDaBNPHUbBNPHUcCTd2019-04-04l0oBNPHU PD p48635-10r2020-06-25w2020-06-25yLBS1ZNo se presta 00102ddc51708PDaBNPHUbBNPHUcCTd2019-04-04l0oBNPHU PD p48635-20r2020-06-25te. 2w2020-06-25yLBS1ZNo se presta 00102ddc56708DSaBNPHUbBNPHUcCTd2024-04-16eDonado por la Presidencia de la República Dominicana 2023.l0oBNPHU DS p2024-2293r2024-04-16te.4w2024-04-16yLBS1zDedicado. Perteneció a la biblioteca personal de Emilio Cordero Michel. c48123d48123